00698nam a22001937a 450000500170000001000150001702000260003203500140005803700090007208200080008110000300008924500460011926000390016527000840020430000210028894200220030999900190033195201540035020250825150133.0 aENG-146500 a9789391878467c350.00 aEN-130032 bDBAD a921 aHiloidari, Ananya 984316 aSaurabh Kumar Chaliha/cAnanya Hiloidari  aGuwahatibPurbanchal Prakashc2022 aH.No.-2, Sewjee Path, Dr. B.N. Saikia Path, Wireless, Guwahati-781006bGuwahati a156p.c22cm.(Hb) 2ddccENh921mHIL c213149d213149 001040708NFICaZLSbZLSd2025-08-25eDelivery of Books Act Divisiong350.00l0o921 HILpEN-130032r2025-08-25 00:00:00t1v350.00w2025-08-25yEN